000 00385nam a2200145 i 4500
001 bg
100 1 _aLOCHNER, Dietmar
245 0 _aIzolacje cieplne i przeciwdźwiękowe w domkach jednorodzinnych /
_cD. Lochner, W. Ploss.
260 _aWarszawa,
_c1982.
700 1 _aPLOSS, Wolfgang
040 _cBPK
041 _apol
942 _cKS
008 s pl f |000 0 pol
999 _c21098
_d21098
856 _uhttp://koha.tu.koszalin.pl/cgi-bin/koha/opac-detail.pl?biblionumber=21098
_yKatalog online BPK